| 000 | 00885nam a2200277 a 4500 | ||
|---|---|---|---|
| 001 | 3920824 | ||
| 003 | OSt | ||
| 005 | 20140310182726.0 | ||
| 008 | 920618s1991 ph a b 001 0 eng | ||
| 010 | _a 91947580 | ||
| 020 | _a9710850636 | ||
| 040 |
_aDLC _cDLC |
||
| 043 | _aa-ph--- | ||
| 050 | 0 | 0 |
_aT 163.P6 _b.C36 2002 |
| 100 | 1 | _aCamarao, Fedeserio C. | |
| 245 | 1 | 0 |
_aTechnology education in the Philippines / _cFedeserio C. Camarao. |
| 260 |
_aMetro Manila, Philippines : _bNational Book Store, _c1991. |
||
| 300 |
_a448 p. : _bill. ; _c24 cm. |
||
| 504 | _aIncludes bibliographical references and index. | ||
| 521 | _aEDU | ||
| 650 | 0 |
_aTechnical education _zPhilippines. |
|
| 906 |
_a7 _bcbc _corignew _d3 _encip _f19 _gy-gencatlg |
||
| 942 |
_2lcc _cBK _kLOC |
||
| 999 |
_c15398 _d15398 |
||